<?xml version="1.0" encoding="UTF-8"?>
<record
    xmlns:xsi="http://www.w3.org/2001/XMLSchema-instance"
    xsi:schemaLocation="http://www.loc.gov/MARC21/slim http://www.loc.gov/standards/marcxml/schema/MARC21slim.xsd"
    xmlns="http://www.loc.gov/MARC21/slim">

  <leader>04522nam a2200337 u 4500</leader>
  <controlfield tag="001">000000379172</controlfield>
  <controlfield tag="003">IT-MiSPE</controlfield>
  <controlfield tag="005">20250325155114.0</controlfield>
  <controlfield tag="008">100118s2008    fr a          001 0 fre d</controlfield>
  <datafield tag="020" ind1=" " ind2=" ">
    <subfield code="a">9788844600853</subfield>
    <subfield code="c">100,00 &#x20AC;</subfield>
  </datafield>
  <datafield tag="040" ind1=" " ind2=" ">
    <subfield code="a">IT-MiSPE</subfield>
    <subfield code="b">ita</subfield>
    <subfield code="d">IT-MiSPE</subfield>
    <subfield code="c">IT-MiSPE</subfield>
  </datafield>
  <datafield tag="041" ind1="1" ind2=" ">
    <subfield code="a">fre</subfield>
    <subfield code="a">ita</subfield>
  </datafield>
  <datafield tag="082" ind1=" " ind2=" ">
    <subfield code="a">234.1-PAS bl pr (ppv 23405)</subfield>
  </datafield>
  <datafield tag="100" ind1="1" ind2=" ">
    <subfield code="a">Pascal, Blaise,</subfield>
    <subfield code="d">1623-1662.</subfield>
    <subfield code="9">61963</subfield>
  </datafield>
  <datafield tag="240" ind1="1" ind2="4">
    <subfield code="a">Les provinciales.</subfield>
    <subfield code="l">Italiano</subfield>
  </datafield>
  <datafield tag="245" ind1="1" ind2="3">
    <subfield code="a">Le provinciali /</subfield>
    <subfield code="c">Blaise Pascal ; edizione con testo a fronte a cura di Carlo Carena ; prefazione di Salvatore Silvano Nigro.</subfield>
  </datafield>
  <datafield tag="260" ind1=" " ind2=" ">
    <subfield code="a">Torino :</subfield>
    <subfield code="b">Einaudi,</subfield>
    <subfield code="c">&#xA9;2008.</subfield>
  </datafield>
  <datafield tag="300" ind1=" " ind2=" ">
    <subfield code="a">lxxvii, 733 p. :</subfield>
    <subfield code="b">ill. ;</subfield>
    <subfield code="c">18 cm</subfield>
  </datafield>
  <datafield tag="490" ind1="1" ind2=" ">
    <subfield code="a">Biblioteca della Pl&#xE9;iade ;</subfield>
    <subfield code="v">046</subfield>
  </datafield>
  <datafield tag="504" ind1=" " ind2=" ">
    <subfield code="a">Contiene riferimenti bibliografici e indice</subfield>
  </datafield>
  <datafield tag="520" ind1=" " ind2=" ">
    <subfield code="a">Blaise Pascal interviene nella polemica tra giansenisti e gesuiti con un tono nuovo: la sua intelligenza e il brio della sua scrittura riescono a trasformare quello che potrebbe essere un&#x2019;arida trattazione dottrinaria in un pamphlet che, da un lato, anticipa lo stile di Voltaire e, dall&#x2019;altro, per la caratterizzazione dei personaggi fa sentire certe atmosfere di Moli&#xE8;re, peraltro quasi perfettamente coetaneo di Pascal. Come ha scritto Michel Le Guern: &#xAB;La lucidit&#xE0; con la quale Pascal giunge a smontare il meccanismo di discipline filosofiche profondamente tecniche, unita all&#x2019;arte somma di far condividere al lettore le proprie convinzioni, fa di lui, incontestabilmente, il primo dei grandi giornalisti&#xBB;.

L&#x2019;unica edizione disponibile in Italia delle Lettere provinciali. Il volume che completa un ideale dittico insieme ai Pensieri, ugualmente curati da Carlo Carena per la &#xAB;Biblioteca della Pl&#xE9;iade&#xBB;.

&#xAB;Ci&#xF2; che perennemente brucia, nelle Provinciali, &#xE8; la polemica contro le morte pagine, le morte anime, e le loro proiezioni tragiche nella storia e nella vita. L&#x2019;ironia di Pascal non &#xE8; troppo crudele per essere anche umoristica, oltre che morale. Tartaglia aggiunse: &#x201C;Accogliamo di lui&#x201D;, di Pascal, &#x201C;una perdurante virt&#xF9; polemica: la sua lotta contro gli infiniti gesti morti di una religione ridotta a piccola amministrazione, in nome di un&#x2019;iniziale religione che sia incondizionata passione. Di pi&#xF9; a Pascal oggi non possiamo concedere. Ma avete notato che quest&#x2019;ultimo &#xE8; il preciso senso di lui che ci viene dalle Provinciali&#x201C;. Mentre Tartaglia scriveva il saggio &#x201C;Le Provinciali&#x201D; di Blaise Pascal, Mario Soldati (che in un collegio di gesuiti aveva studiato, come Joyce) andava mettendo su la raccolta di racconti L&#x2019;amico gesuita. Il titolo soldatiano gioca ambiguamente, tra giansenismo e gesuitismo, tra distanza e compromissione, con il Pascal che, nelle Provinciali, si era accompagnato con un &#x201C;amico giansenista&#x201D;. Ma in ogni caso &#xE8; il Pascal polemista che Soldati recupera: ora contro gli ineliminabili guasti morali di un&#x2019;educazione gesuitica &#x201C;troppo sbagliata&#x201D;, e contro il conformismo cattolico. Ed &#xE8; sintomatico che la polemica di Soldati qualche anno pi&#xF9; tardi, nel 1950, si incanaler&#xE0; nella forma epistolare che &#xE8; delle Provinciali. La lettera, scritta a quattro mani con Bassani, apparve su &#x201C;Il Mondo&#x201D; di Pannunzio. Con il titolo Cattolici cattivi. La pubblicistica di indignazione e di militanza politica deve alle Provinciali l&#x2019;arte ironica della requisitoria, persino nel genere letterario della lettera. Carena richiama giustamente il Settecento di Voltaire che, con la sua propensione al pamphlet non poteva non lasciarsi attraversare dalle Provinciali. Si aggiunga che molti sono i generi che, nel tempo, si sono lasciati contagiare dalla vivacit&#xE0; e dal mordente delle lettere di Pascal: dal romanzo, al racconto, all&#x2019;articolo giornalistico. Risulta difficile, a volte, collocare Le Provinciali nello spazio e nel tempo. Eccedono sempre. Come fossero contemporanee a tutte le et&#xE0;, a tutti i movimenti, a tutte le passioni. Forse, dopo Le Provinciali, non possiamo non dirci pascalisants&#xBB;.</subfield>
  </datafield>
  <datafield tag="546" ind1=" " ind2=" ">
    <subfield code="a">Traduzione in italiano con testo francese a fronte</subfield>
  </datafield>
  <datafield tag="655" ind1=" " ind2="7">
    <subfield code="a">Filosofi di lingua francese. Generalit&#xE0; e filosofi fino al 1920</subfield>
    <subfield code="x">Filosofi del 1500 e del 1600: Pascal Blaise, 1623-1662.</subfield>
    <subfield code="9">61964</subfield>
  </datafield>
  <datafield tag="700" ind1="1" ind2=" ">
    <subfield code="a">Carena, Carlo,</subfield>
    <subfield code="d">1925-2023</subfield>
    <subfield code="e">ed.</subfield>
    <subfield code="9">61984</subfield>
  </datafield>
  <datafield tag="700" ind1="1" ind2=" ">
    <subfield code="a">Nigro, Salvatore Silvano,</subfield>
    <subfield code="d">1946-,</subfield>
    <subfield code="e">pr.</subfield>
    <subfield code="9">61985</subfield>
  </datafield>
  <datafield tag="830" ind1=" " ind2="0">
    <subfield code="a">Biblioteca della Pl&#xE9;iade ;</subfield>
    <subfield code="v">046.</subfield>
    <subfield code="9">61986</subfield>
  </datafield>
  <datafield tag="900" ind1="1" ind2=" ">
    <subfield code="c">pseudonimo.</subfield>
  </datafield>
  <datafield tag="942" ind1=" " ind2=" ">
    <subfield code="2">ddc</subfield>
    <subfield code="c">BK</subfield>
  </datafield>
  <datafield tag="983" ind1=" " ind2="0">
    <subfield code="a">Biblioth&#xE8;que de la Pl&#xE9;iade.</subfield>
  </datafield>
  <datafield tag="999" ind1=" " ind2=" ">
    <subfield code="c">360467</subfield>
    <subfield code="d">360467</subfield>
  </datafield>
  <datafield tag="952" ind1=" " ind2=" ">
    <subfield code="0">0</subfield>
    <subfield code="1">0</subfield>
    <subfield code="2">ddc</subfield>
    <subfield code="4">0</subfield>
    <subfield code="6">234_000000000000000_1PAS_BL_PR_PPV_23405</subfield>
    <subfield code="7">1</subfield>
    <subfield code="a">CINISELLO</subfield>
    <subfield code="b">CINISELLO</subfield>
    <subfield code="d">2025-03-25</subfield>
    <subfield code="l">0</subfield>
    <subfield code="o">234.1-PAS bl pr (ppv 23405)</subfield>
    <subfield code="p">9788844600853</subfield>
    <subfield code="r">2025-03-25 15:53:18</subfield>
    <subfield code="w">2025-03-25</subfield>
    <subfield code="y">BK</subfield>
  </datafield>
</record>
